1503 1744 1145 1349 1376 1243 1431 1449 1160 1896 1275 1052 1928 1691 1302 1081 1851 1267 1234 1001 1164 1738 1853 1552 1562 1171 1947 1822 1724 1578 1354 1832 1484 1200 1715 1328 1446 1474 1252 1312 1474 1651 1706 1294 1986 1457 1530 1545 1387 1732 1948 1982 1125 1693 1482 1191 1488 1376 1314 1625 1541 1640 1370 1085 1931 1860 1879 1272 1297 1381 1971 1734 1414 1652 1780 1028 1358 1392 1854 1487 1296 1663 1188 1178 1901 1263 1131 1329 1107 1273 1257 1208 1970 1344 1079 1608 1178 1550 1206 BCNSPRNW ULIB Ver.6.0+V

เปลี่ยนเป็นภาษาไทย

Change to English
 แสดงรายละเอียดบรรณานุกรม
  กลับหน้าหลัก

Brief Record : Get Marc (ISO 2709) : E-mail record : QR code < ปิดหน้าต่าง
LEADER : 00000nam 2200000uu 4500
001    13399109433
003     ULIB
008    110124s2552||||th 000 0 tha d
020    9789748182704
060 04 WB105^bส232ต 2552
245 00 เวชศาสตร์ฉุกเฉิน /^cบรรณาธิการ, สมเกียรติ วัฒนศิริชัยกุล,ดุจเดือน สีละมาด, กานดิษฎ์ ประยงค์รัตน์
246 14 ตำราเวชศาสตร์ฉุกเฉิน
246 14 Textbook of emergency medicine
250    พิมพ์ครั้งที่ 2
260    [นครนายก] :^bโครงการตำรา คณะแพทยศาสตร์มหาวิทยาลัยศรีนครินทรวิโรฒ,^c2552
300    1104 หน้า :^bภาพประกอบ ;^c22 ซม.
650  7 เวชศาสตร์ฉุกเฉิน
650  7 ภาวะฉุกเฉิน
700 0  สมเกียรติ วัฒนศิริชัยกุล,^eบรรณาธิการ
700 0  ดุจเดือน สีละมาด,^eบรรณาธิการ
700 0  กานดิษฎ์ ประยงค์รัตน์,^eบรรณาธิการ
710 2  มหาวิทยาลัยศรีนครินทรวิโรฒ. ^bคณะแพทยศาสตร์
945    ^p720^l0^i026076
945    ^p720^l0^i026074
945    ^p720^l0^i026075
995    ทศพร
999 ^a ใช้งานได้ทุกระบบ
รายการนี้ยังไม่มีแท็ก
คุณยังไม่ได้ล็อกอิน คุณสามารถมีกิจกรรมร่วมกับเว็บไซต์ได้ แต่ต้องล็อกอินก่อน ::
  ล็อกอิน

รายการสื่อสารสนเทศ

ลำดับที่ ประเภท เลขเรียก/บาร์โค้ด สถานที่ สถานะ
- ไม่พบข้อมูล -

รายการใกล้เคียง
    หัวเรื่อง [เวชศาสตร์ฉุกเฉิน]
    หัวเรื่อง [ภาวะฉุกเฉิน]

BibComment


ยังไม่เคยถูกคอมเมนท์

คอมเมนท์ทรัพยากรรายการนี้
  คอมเมนท์: เวชศาสตร์ฉุกเฉิน ..


 Copyright 2026. Bcnsprnw @Library